01651nam a2200469 i 450000100060000000300090000600500170001500800390003201500170007102000150008803500210010304000280012404100080015204600090016008000100016908000120017910000400019124502450023125000170047626000270049330000390052033600270055933700540058633800270064038000170066738000270068438500390071138800140075038800140076450000860077850400140086465000170087865800280089565000140092365500300093765000120096765000160097965000140099565000150100971000590102485600980108339116KOSZ 00520250606063808.0010321s2000 pl a f f |000 0 pol aPB 2001/4739 a8372421226 a(OCoLC)830232278 aWA NcWA NdKOSZ 005/HR0 apol k2000 a621.9 a(075.8)1 aPrzybylski, Lucjand(1932- )eAutor10aStrategia doboru warunków obróbki współczesnymi narzędziami :btoczenie, wiercenie, frezowanie : podręcznik dla studentów wyższych szkół technicznych /cLucjan Przybylski ; Politechnika Krakowska im. Tadeusza Kościuszki. aWyd. 2 uzup. aKraków :bPK,c2000. a286 s. :bil. ;c24 cm. +eCD ROM. 2rdacontentaTekstbtxt 2rdamediaaBez urządzenia pośredniczącegobn 2rdacarrieraWoluminbn aKsiążki. aPublikacje dydaktyczne mPoziom nauczaniaaSzkoły wyższe a1901-2000 a1989-2000 aWyd. 1 pt.: Strategia doboru warunków skrawania współczesnymi narzędziami. aBibliogr. 4aWiertarstwo. aInżynieria i technika 4aSkrawanie 4aPodręczniki akademickie 4aMaszyny 4aNarzędzia 4aTokarstwo 4aFrezowanie2 aPolitechnika Krakowska im. Tadeusza Kościuszki4pbl. uhttp://koha.tu.koszalin.pl/cgi-bin/koha/opac-detail.pl?biblionumber=39116yKatalog online BPK